| 000 | 00427 a2200133 4500 | ||
|---|---|---|---|
| 001 | 87813 | ||
| 082 | _aPR 190 | ||
| 090 |
_c41275 _d41275 |
||
| 100 | _aMuhammad Sufyan Arshed , Plt Off 15562 71 EC | ||
| 245 | _aTo incorporate an air cooled system within transmitter cabin of TPS 43 G/J transmitter cabin | ||
| 260 |
_aRisalpur _bNUST Risalpur _c2011 |
||
| 300 |
_axi, 77p. _eAhmed Aizaz, Gp Capt |
||
| 500 | _aBE Project Reports | ||
| 942 |
_aCAE NUST _kPR 190 |
||
| 999 |
_c322886 _d322886 |
||